Crime: assault and major assault - Statistics

General Stats
  • This quiz has been taken 13 times
  • The average score is 8 of 16
Answer Stats
Hint Answer % Correct
Major assault 8. Mexico
91%
Assault 8. USA
82%
Major assault 3. USA
82%
Assault 3. South Africa
73%
Major assault 1. South Africa
73%
Assault 1. UK (most likely in Scotland)
73%
Major assault 7. Canada
64%
Major assault 6. Germany
55%
Assault 5. Sweden
55%
Assault 7. Australia
45%
Assault 6. New Zealand
45%
Major assault 5. Jamaica
18%
Assault 2. Swaziland
9%
Major assault 2. Swaziland
9%
Major assault 4. Zimbabwe
9%
Assault 4. Mauritius
0%
No matching quizzes found
Score Distribution
Percent of People with Each Score
Percentile by Number Answered
Your Score History
You have not taken this quiz